000 00367nam a2200157Ia 4500
008 230524s9999 xx 000 0 und d
082 _a4
_bGOT
100 _aByron's Gottfried
245 0 _aProgramming with Pascal
250 _a2ND
260 _aNEW DELHI
_bTMH
_c2000
300 _aVIII;428
500 _aQuantity Number: 26
650 _aComp-Sc
942 _cBK
999 _c22668
_d22668